[Event "Montreal op"]
[Site "Montreal CAN"]
[Date "2000.??.??"]
[Round "1"]
[White "Fortier, Marc-Andre"]
[Black "Masse, Hugues"]
[Result "1-0"]
[WhiteElo "2143"]
[BlackElo "1914"]
[PlyCount "99"]
[GameId "2160767911652603"]
[EventDate "2000.09.01"]
[EventType "swiss"]
[EventRounds "5"]
[EventCountry "CAN"]
[SourceTitle "EXT 2003"]
[Source "ChessBase"]
[SourceDate "2002.11.25"]
[SourceVersion "1"]
[SourceVersionDate "2002.11.25"]
[SourceQuality "1"]

1. e4 c5 2. Nc3 e6 3. g3 d5 4. exd5 exd5 5. Bg2 Nf6 6. d3 d4 7. Ne4 Nxe4 8. Bxe4 Nd7 9. Bf4 Nf6 10. Bg2 Be7 11. Ne2 O-O 12. O-O Nd5 13. Bd2 Re8 14. c4 dxc3 15. bxc3 Rb8 16. d4 b5 17. Re1 Bb7 18. a4 cxd4 19. Nxd4 b4 20. c4 Bf6 21. Rxe8+ Qxe8 22. cxd5 Bxd4 23. Rc1 Ba8 24. Qg4 Bc3 25. Bf4 Rd8 26. Bc7 Rd7 27. d6 Bxg2 28. Kxg2 g6 29. Qc4 Qe6 30. Qb5 Kg7 31. a5 f5 32. a6 f4 33. Qb7 Rf7 34. Rf1 f3+ 35. Kh1 Qh3 36. Rg1 Bd4 37. Qxb4 Be5 38. Bd8 Qd7 39. Be7 Bf6 40. Qb7 Qe6 41. Qxa7 Bxe7 42. dxe7 Rxe7 43. Qd4+ Kg8 44. a7 Re8 45. Qa4 Ra8 46. Rb1 Qd5 47. Rb8+ Kg7 48. h3 g5 49. Qe8 Rxa7 50. Qf8+ 1-0

[Event "Montreal op"]
[Site "Montreal CAN"]
[Date "2000.??.??"]
[Round "1"]
[White "Luksza, Arkadiusz"]
[Black "Paradis, Sylvain"]
[Result "1-0"]
[WhiteElo "2239"]
[BlackElo "1973"]
[PlyCount "75"]
[GameId "2160767911652604"]
[EventDate "2000.09.01"]
[EventType "swiss"]
[EventRounds "5"]
[EventCountry "CAN"]
[SourceTitle "EXT 2003"]
[Source "ChessBase"]
[SourceDate "2002.11.25"]
[SourceVersion "1"]
[SourceVersionDate "2002.11.25"]
[SourceQuality "1"]

1. d4 d5 2. c4 Nf6 3. Nc3 c6 4. e3 g6 5. Nf3 Bg7 6. Be2 O-O 7. O-O dxc4 8. Bxc4 b5 9. Bd3 Nbd7 10. Qe2 a6 11. Rd1 Bb7 12. e4 Qc7 13. e5 Nd5 14. Nxd5 cxd5 15. e6 Nb6 16. exf7+ Rxf7 17. Ng5 Rf6 18. Ne6 Qd6 19. Re1 Rf7 20. Bf4 Rxf4 21. Nxf4 Qxf4 22. Qe6+ Kh8 23. Qxb6 Rb8 24. g3 Bxd4 25. gxf4 Bxb6 26. Rxe7 Bd8 27. Rd7 Bb6 28. Re1 Bc5 29. h4 Kg8 30. a3 b4 31. Rc1 Bf8 32. axb4 Bxb4 33. Rcc7 Ba8 34. Rg7+ Kh8 35. Rxh7+ Kg8 36. Rcg7+ Kf8 37. Rxg6 Ke8 38. Rg8+ 1-0

[Event "Montreal op"]
[Site "Montreal CAN"]
[Date "2000.??.??"]
[Round "1"]
[White "Michaud, Gerald"]
[Black "Charbonneau, Anne-Marie"]
[Result "0-1"]
[WhiteElo "2017"]
[BlackElo "1848"]
[PlyCount "70"]
[GameId "2160767911652605"]
[EventDate "2000.09.01"]
[EventType "swiss"]
[EventRounds "5"]
[EventCountry "CAN"]
[SourceTitle "EXT 2003"]
[Source "ChessBase"]
[SourceDate "2002.11.25"]
[SourceVersion "1"]
[SourceVersionDate "2002.11.25"]
[SourceQuality "1"]

1. d4 Nf6 2. e3 e6 3. Bd3 Be7 4. Nd2 b6 5. Qe2 c5 6. Ngf3 Bb7 7. O-O O-O 8. c3 d5 9. Ne5 Qc8 10. Re1 Ba6 11. Bb5 Bxb5 12. Qxb5 Nfd7 13. Ndf3 a6 14. Qe2 f5 15. Bd2 c4 16. a4 Nxe5 17. Nxe5 Nd7 18. f4 Nf6 19. Reb1 Qc7 20. Be1 Ne4 21. Qh5 Bf6 22. Nf3 b5 23. axb5 axb5 24. Ne5 Bxe5 25. fxe5 Ra5 26. Qd1 Rfa8 27. Rxa5 Qxa5 28. g4 Qd8 29. gxf5 Qg5+ 30. Kh1 Qxf5 31. Kg2 Qg5+ 32. Bg3 Rf8 33. Qe2 Rf2+ 34. Qxf2 Nxf2 35. Kxf2 Qxe5 0-1

[Event "Montreal op"]
[Site "Montreal CAN"]
[Date "2000.??.??"]
[Round "1"]
[White "Miron, Francois"]
[Black "Mikanovic, Goran"]
[Result "0-1"]
[WhiteElo "1954"]
[BlackElo "2293"]
[PlyCount "70"]
[GameId "2160767911652606"]
[EventDate "2000.09.01"]
[EventType "swiss"]
[EventRounds "5"]
[EventCountry "CAN"]
[SourceTitle "EXT 2003"]
[Source "ChessBase"]
[SourceDate "2002.11.25"]
[SourceVersion "1"]
[SourceVersionDate "2002.11.25"]
[SourceQuality "1"]

1. e4 c5 2. Nc3 Nc6 3. f4 g6 4. Nf3 Bg7 5. Bc4 e6 6. O-O Nge7 7. d3 O-O 8. Qe1 d5 9. Bb3 Nd4 10. Nxd4 cxd4 11. Ne2 dxe4 12. dxe4 a5 13. Bc4 Nc6 14. Bd2 Qb6 15. Bd3 Qxb2 16. a3 Qb6 17. Qh4 f5 18. Ng3 Qd8 19. Qxd8 Rxd8 20. Rfb1 Bf8 21. Rb5 Bd6 22. Bc4 Kf8 23. e5 Bc7 24. Ne2 b6 25. Rb3 Ba6 26. Bxa6 Rxa6 27. Be1 Rd5 28. Rd1 g5 29. g3 gxf4 30. gxf4 b5 31. Bf2 Bb6 32. Rbd3 b4 33. a4 Ra7 34. Nxd4 Nxd4 35. Bxd4 Rxd4 0-1

[Event "Montreal op"]
[Site "Montreal CAN"]
[Date "2000.??.??"]
[Round "1"]
[White "Mongeau, Diane"]
[Black "Soudre, Nicolas"]
[Result "1-0"]
[WhiteElo "1961"]
[BlackElo "2246"]
[PlyCount "73"]
[GameId "2160767911652607"]
[EventDate "2000.09.01"]
[EventType "swiss"]
[EventRounds "5"]
[EventCountry "CAN"]
[SourceTitle "EXT 2003"]
[Source "ChessBase"]
[SourceDate "2002.11.25"]
[SourceVersion "1"]
[SourceVersionDate "2002.11.25"]
[SourceQuality "1"]

1. d4 c5 2. d5 g6 3. e4 Bg7 4. Nc3 d6 5. f4 e6 6. Nf3 Nf6 7. Bb5+ Ke7 8. O-O a6 9. Be2 exd5 10. e5 Ne8 11. Qxd5 Nc6 12. Ne4 Be6 13. exd6+ Qxd6 14. Qg5+ f6 15. Qh4 Qd5 16. Nc3 Qd8 17. Be3 b6 18. Rad1 Qb8 19. Ne4 Bf5 20. Nxc5 Nc7 21. Ne5 Nxe5 22. fxe5 Rd8 23. Qxh7 Ne8 24. exf6+ Kxf6 25. Nd7+ Rxd7 26. Rxd7 Ra7 27. Rxa7 Qxa7 28. g4 Qe7 29. Rxf5+ Ke6 30. Qxg6+ Nf6 31. Bc4+ Kd6 32. Bf4+ Kc6 33. Bd5+ Kd7 34. Re5 Qc5+ 35. Be3 Qf8 36. Bxb6 Kd6 37. Qf5 1-0

[Event "Montreal op"]
[Site "Montreal CAN"]
[Date "2000.??.??"]
[Round "1"]
[White "Moskvitch, Andrei"]
[Black "Lezaic, Jovan"]
[Result "1/2-1/2"]
[WhiteElo "2175"]
[BlackElo "1925"]
[PlyCount "130"]
[GameId "2160767911652608"]
[EventDate "2000.09.01"]
[EventType "swiss"]
[EventRounds "5"]
[EventCountry "CAN"]
[SourceTitle "EXT 2003"]
[Source "ChessBase"]
[SourceDate "2002.11.25"]
[SourceVersion "1"]
[SourceVersionDate "2002.11.25"]
[SourceQuality "1"]

1. e4 c6 2. d4 d5 3. exd5 cxd5 4. c4 e6 5. Nc3 Nf6 6. Nf3 Nc6 7. cxd5 Nxd5 8. Bc4 Nf6 9. O-O Be7 10. Re1 O-O 11. Bf4 a6 12. Bb3 b5 13. d5 exd5 14. Nxd5 Nxd5 15. Qxd5 Bb7 16. Qe4 Bf6 17. Rad1 Qc8 18. Bc2 g6 19. Bh6 Ne5 20. Qf4 Nxf3+ 21. gxf3 Bg7 22. Bxg7 Kxg7 23. Bb3 Qf5 24. Qxf5 gxf5 25. Kg2 Kf6 26. Rd6+ Kg7 27. Re7 Bc8 28. Rb6 a5 29. Rxb5 Kf6 30. Rc7 Be6 31. Bxe6 fxe6 32. Rxh7 Rg8+ 33. Kf1 Ra6 34. h4 a4 35. h5 a3 36. f4 axb2 37. Rh6+ Kf7 38. Rxb2 Rg4 39. Rh7+ Kf6 40. Rh6+ Kg7 41. Rg6+ Rxg6 42. hxg6 Kxg6 43. Ke2 Kh5 44. Kd3 Kg4 45. Kc4 Kxf4 46. Kb5 Ra8 47. Rc2 Rb8+ 48. Ka5 Ra8+ 49. Kb4 Rb8+ 50. Kc3 Rc8+ 51. Kb3 Rb8+ 52. Kc3 Rc8+ 53. Kd3 Rd8+ 54. Ke2 Ra8 55. Rc4+ Ke5 56. a4 Kd5 57. Kd3 e5 58. Rb4 Ra5 59. Kc3 Kc5 60. Rc4+ Kd5 61. Rb4 Kc5 62. Kb3 Ra8 63. Rb5+ Kd4 64. a5 f4 65. Kc2 Ke4 1/2-1/2

[Event "Montreal op"]
[Site "Montreal CAN"]
[Date "2000.??.??"]
[Round "1"]
[White "Ouellet-Leveille, Clement"]
[Black "Tessier, Olivier"]
[Result "1-0"]
[WhiteElo "1845"]
[BlackElo "2033"]
[PlyCount "54"]
[GameId "2160767911652609"]
[EventDate "2000.09.01"]
[EventType "swiss"]
[EventRounds "5"]
[EventCountry "CAN"]
[SourceTitle "EXT 2003"]
[Source "ChessBase"]
[SourceDate "2002.11.25"]
[SourceVersion "1"]
[SourceVersionDate "2002.11.25"]
[SourceQuality "1"]

1. e4 Nf6 2. e5 Nd5 3. d4 d6 4. c4 Nb6 5. exd6 cxd6 6. Nf3 g6 7. Nc3 Bg7 8. Be3 O-O 9. Qd2 Re8 10. Be2 Nc6 11. O-O Bg4 12. b3 e5 13. d5 Ne7 14. h3 Bxf3 15. Bxf3 Nf5 16. Rac1 Nh4 17. Bg5 Nxf3+ 18. gxf3 Qd7 19. Kg2 f5 20. Bh6 Bh8 21. f4 e4 22. Ne2 a5 23. Nd4 a4 24. Ne6 axb3 25. axb3 Ra3 26. Qb4 Rea8 27. Qxb6 Ra2 1-0

[Event "Montreal op"]
[Site "Montreal CAN"]
[Date "2000.??.??"]
[Round "1"]
[White "Parent, Francois"]
[Black "Leutschaft, Martin"]
[Result "0-1"]
[WhiteElo "1912"]
[BlackElo "2123"]
[PlyCount "73"]
[GameId "2160767911652610"]
[EventDate "2000.09.01"]
[EventType "swiss"]
[EventRounds "5"]
[EventCountry "CAN"]
[SourceTitle "EXT 2003"]
[Source "ChessBase"]
[SourceDate "2002.11.25"]
[SourceVersion "1"]
[SourceVersionDate "2002.11.25"]
[SourceQuality "1"]

1. d4 Nf6 2. c4 c5 3. dxc5 Na6 4. Nc3 Nxc5 5. b4 Nce4 6. Nxe4 Nxe4 7. Qd3 Nf6 8. Bd2 e6 9. e4 Qc7 10. Nf3 d6 11. Rc1 b6 12. Nd4 a6 13. Be2 Bb7 14. Bf3 Be7 15. O-O O-O 16. Rfd1 Rac8 17. Be3 Nd7 18. Be2 Qb8 19. f4 Rfe8 20. Bf3 Bf8 21. Ne2 Qa8 22. Ng3 g6 23. Bd4 e5 24. Be3 exf4 25. Bxf4 Ne5 26. Qd4 Rc6 27. Be2 Bg7 28. Qe3 Qc8 29. b5 Rc5 30. Rxd6 Qc7 31. Rdd1 h5 32. Bf1 h4 33. Ne2 Rxc4 34. Rxc4 Qxc4 35. Qxb6 Bxe4 36. bxa6 Nd3 37. Be3 0-1

[Event "Montreal op"]
[Site "Montreal CAN"]
[Date "2000.??.??"]
[Round "1"]
[White "Plante, Michel"]
[Black "Gilman, Arkadiy"]
[Result "1/2-1/2"]
[WhiteElo "1926"]
[BlackElo "2197"]
[PlyCount "127"]
[GameId "2160767911652611"]
[EventDate "2000.09.01"]
[EventType "swiss"]
[EventRounds "5"]
[EventCountry "CAN"]
[SourceTitle "EXT 2003"]
[Source "ChessBase"]
[SourceDate "2002.11.25"]
[SourceVersion "1"]
[SourceVersionDate "2002.11.25"]
[SourceQuality "1"]

1. d4 Nf6 2. Nf3 e6 3. e3 b6 4. Bd3 Bb7 5. Nbd2 c5 6. b3 d5 7. O-O Bd6 8. Bb2 O-O 9. Ne5 Nc6 10. a3 a6 11. f4 b5 12. dxc5 Bxc5 13. Qf3 Nxe5 14. Bxe5 Nd7 15. Bxh7+ Kxh7 16. Qh5+ Kg8 17. Bxg7 f6 18. Rf3 Qe8 19. Qh6 Kf7 20. Qh7 Ke7 21. Bxf8+ Kxf8 22. b4 Bd6 23. Rg3 Qf7 24. Rg8+ Qxg8 25. Qxd7 Bxf4 26. exf4 Qf7 27. Qxf7+ Kxf7 28. Nb3 Bc6 29. Re1 Bd7 30. Kf2 Re8 31. Re3 Ke7 32. Nc5 Rc8 33. c3 Rc6 34. Rh3 Be8 35. Rh7+ Bf7 36. Ke3 a5 37. Kd4 axb4 38. cxb4 Rc8 39. Rh3 Kd6 40. Re3 Rh8 41. h3 e5+ 42. fxe5+ fxe5+ 43. Rxe5 Rh4+ 44. g4 Rxh3 45. Re3 Rh4 46. Nb7+ Kd7 47. Rg3 Kc7 48. Nc5 Kc6 49. Nd3 Kd6 50. Nf2 Be6 51. Rf3 Rh2 52. Ke3 Rg2 53. Kf4 d4 54. Ne4+ Kd5 55. Rg3 Rxg3 56. Nxg3 Kc4 57. Ne4 Bd5 58. Nc5 Kc3 59. Ke5 Bf3 60. g5 d3 61. Nxd3 Kxd3 62. g6 Kc4 63. g7 Bd5 64. Kd6 1/2-1/2

[Event "Montreal op"]
[Site "Montreal CAN"]
[Date "2000.??.??"]
[Round "1"]
[White "Prahov, Valentin"]
[Black "Paz, Roman"]
[Result "1-0"]
[WhiteElo "2208"]
[BlackElo "1941"]
[PlyCount "47"]
[GameId "2160767911652612"]
[EventDate "2000.09.01"]
[EventType "swiss"]
[EventRounds "5"]
[EventCountry "CAN"]
[SourceTitle "EXT 2003"]
[Source "ChessBase"]
[SourceDate "2002.11.25"]
[SourceVersion "1"]
[SourceVersionDate "2002.11.25"]
[SourceQuality "1"]

1. e4 Nf6 2. e5 Nd5 3. d4 d6 4. Nf3 e6 5. c4 Nb6 6. Nc3 dxe5 7. Nxe5 N8d7 8. Nf3 c5 9. Be3 cxd4 10. Bxd4 f6 11. Bd3 e5 12. Nxe5 Qe7 13. Qh5+ Kd8 14. f4 fxe5 15. fxe5 Qe6 16. O-O-O g6 17. Qe2 Kc7 18. Rhe1 Nc5 19. Nd5+ Kb8 20. Kb1 Nxd3 21. Rxd3 Nd7 22. Nf4 Qxc4 23. e6 Bd6 24. Bxh8 1-0

[Event "Montreal op"]
[Site "Montreal CAN"]
[Date "2000.??.??"]
[Round "1"]
[White "Rouleau, Paul"]
[Black "Ibrahim, Anthony"]
[Result "0-1"]
[WhiteElo "1920"]
[BlackElo "2166"]
[PlyCount "48"]
[GameId "2160767911652613"]
[EventDate "2000.09.01"]
[EventType "swiss"]
[EventRounds "5"]
[EventCountry "CAN"]
[SourceTitle "EXT 2003"]
[Source "ChessBase"]
[SourceDate "2002.11.25"]
[SourceVersion "1"]
[SourceVersionDate "2002.11.25"]
[SourceQuality "1"]

1. e4 c5 2. c3 Nf6 3. e5 Nd5 4. d4 cxd4 5. cxd4 g6 6. Nc3 Nxc3 7. bxc3 Bg7 8. Nf3 O-O 9. Bd3 d6 10. Bf4 Nc6 11. exd6 exd6 12. O-O Re8 13. Re1 d5 14. h3 h6 15. Qd2 g5 16. Be3 f5 17. g3 Qf6 18. h4 f4 19. hxg5 hxg5 20. gxf4 gxf4 21. Bxf4 Rf8 22. Be5 Qxf3 23. Bxg7 Qg4+ 24. Kh2 Rf3 0-1

[Event "Montreal op"]
[Site "Montreal CAN"]
[Date "2000.??.??"]
[Round "1"]
[White "Sasseville, Jean"]
[Black "Rodriguez, Herver"]
[Result "1-0"]
[WhiteElo "1955"]
[BlackElo "2015"]
[PlyCount "97"]
[GameId "2160767911652615"]
[EventDate "2000.09.01"]
[EventType "swiss"]
[EventRounds "5"]
[EventCountry "CAN"]
[SourceTitle "EXT 2003"]
[Source "ChessBase"]
[SourceDate "2002.11.25"]
[SourceVersion "1"]
[SourceVersionDate "2002.11.25"]
[SourceQuality "1"]

1. c4 Nf6 2. Nc3 g6 3. d4 d5 4. cxd5 Nxd5 5. e4 Nxc3 6. bxc3 Bg7 7. Nf3 c5 8. Be2 O-O 9. O-O Qc7 10. Be3 Nc6 11. Qd2 Rd8 12. Rac1 b6 13. Rfd1 Bb7 14. d5 Ne5 15. Nxe5 Bxe5 16. f4 Bg7 17. c4 Bc8 18. Bf3 Rb8 19. Qf2 Bd7 20. Rd2 Qb7 21. e5 Qa6 22. g4 Qa3 23. Rdc2 f5 24. g5 h6 25. h4 Qa6 26. Rc3 Kh7 27. Rb3 hxg5 28. hxg5 Rh8 29. Rcc3 Ba4 30. Ra3 b5 31. cxb5 Qxb5 32. Rxc5 Qb1+ 33. Rc1 Qb4 34. Rac3 Rhd8 35. d6 Rxd6 36. Qh4+ Kg8 37. Bc5 Qb5 38. Bxd6 exd6 39. Rc8+ Rxc8 40. Rxc8+ Kf7 41. Qf2 Qa5 42. exd6 Bd7 43. Rc7 Qa4 44. Rxa7 Qb5 45. Rb7 Qa4 46. Bd5+ Kf8 47. Rb8+ Be8 48. Bb3 Qc6 49. Qe3 1-0

[Event "Montreal op"]
[Site "Montreal CAN"]
[Date "2000.??.??"]
[Round "1"]
[White "Trottier, Yves"]
[Black "Fillion, Steve"]
[Result "1/2-1/2"]
[WhiteElo "1935"]
[BlackElo "2143"]
[PlyCount "102"]
[GameId "2160767911652616"]
[EventDate "2000.09.01"]
[EventType "swiss"]
[EventRounds "5"]
[EventCountry "CAN"]
[SourceTitle "EXT 2003"]
[Source "ChessBase"]
[SourceDate "2002.11.25"]
[SourceVersion "1"]
[SourceVersionDate "2002.11.25"]
[SourceQuality "1"]

1. e4 e6 2. d4 d5 3. exd5 exd5 4. c4 Nf6 5. Nc3 Be7 6. Nf3 O-O 7. Bd3 dxc4 8. Bxc4 Nbd7 9. O-O Nb6 10. Bb3 Bg4 11. h3 Bh5 12. g4 Bg6 13. Ne5 Nbd5 14. Re1 Bb4 15. Bd2 c5 16. Nxd5 Nxd5 17. Bxb4 cxb4 18. Qf3 Nf6 19. Qxb7 Qxd4 20. Rad1 Qxb2 21. Nxg6 hxg6 22. Re7 Rab8 23. Qxa7 Ra8 24. Bxf7+ Kh8 25. Qd4 Qc2 26. Bb3 Qc3 27. Qxc3 bxc3 28. Rc1 Rad8 29. Rxc3 Nd5 30. Bxd5 Rxd5 31. Rce3 Kh7 32. Kg2 Rd1 33. Rf3 Rg8 34. Rff7 Rd2 35. a4 Ra2 36. Ra7 Kh8 37. h4 Ra3 38. f3 Kh7 39. Kg3 Rc3 40. Kf4 Kh6 41. Ke5 Rc4 42. a5 Rgc8 43. Rfd7 R8c5+ 44. Rd5 Rc8 45. a6 Re8+ 46. Kd6 Re3 47. Ra8 Kh7 48. Rc5 Rd4+ 49. Rd5 Rc4 50. a7 Ra3 51. Ke7 Rca4 1/2-1/2

[Event "Montreal op"]
[Site "Montreal CAN"]
[Date "2000.??.??"]
[Round "1.1"]
[White "Hua, Lefong"]
[Black "Metivier, Nicolas"]
[Result "1-0"]
[WhiteElo "2325"]
[BlackElo "1979"]
[PlyCount "55"]
[GameId "2160767911652618"]
[EventDate "2000.09.01"]
[EventType "swiss"]
[EventRounds "5"]
[EventCountry "CAN"]
[SourceTitle "EXT 2003"]
[Source "ChessBase"]
[SourceDate "2002.11.25"]
[SourceVersion "1"]
[SourceVersionDate "2002.11.25"]
[SourceQuality "1"]

1. c4 g6 2. Nc3 Bg7 3. g3 d6 4. Bg2 e5 5. d3 Nc6 6. e3 f5 7. Nge2 Nf6 8. O-O O-O 9. Rb1 Be6 10. Nd5 Nh5 11. b4 Qd7 12. b5 Nd8 13. Qa4 a6 14. Qa5 Rf7 15. Bd2 Qc8 16. b6 c6 17. Nc7 Rb8 18. Qa3 Qd7 19. f4 exf4 20. gxf4 Nf6 21. Nd4 Bf8 22. Nf3 h6 23. Kh1 Ne8 24. Ba5 Re7 25. Bh3 Bf7 26. e4 Ng7 27. Bc3 Nde6 28. Nh4 1-0

[Event "Montreal op"]
[Site "Montreal CAN"]
[Date "2000.??.??"]
[Round "2"]
[White "Boulay, David"]
[Black "Luksza, Arkadiusz"]
[Result "0-1"]
[WhiteElo "2032"]
[BlackElo "2239"]
[PlyCount "75"]
[GameId "2160767911652619"]
[EventDate "2000.09.01"]
[EventType "swiss"]
[EventRounds "5"]
[EventCountry "CAN"]
[SourceTitle "EXT 2003"]
[Source "ChessBase"]
[SourceDate "2002.11.25"]
[SourceVersion "1"]
[SourceVersionDate "2002.11.25"]
[SourceQuality "1"]

1. e4 g6 2. d4 d6 3. c4 Bg7 4. Nc3 Nf6 5. Nf3 O-O 6. Be2 e5 7. d5 a5 8. Bg5 h6 9. Bh4 Na6 10. Nd2 Nc5 11. b3 Bd7 12. a3 Qe8 13. O-O Kh7 14. b4 Ncxe4 15. Ndxe4 Nxe4 16. Nxe4 f5 17. bxa5 fxe4 18. Rb1 Bc8 19. Rb5 Rf7 20. Qd2 Bf8 21. Re1 c6 22. Rb3 cxd5 23. Qxd5 Qe6 24. Qxe6 Bxe6 25. Rb5 Rc8 26. c5 d5 27. Rb6 Bd7 28. Rxb7 Bxc5 29. Rd1 Be6 30. a6 Rcc7 31. Rc1 Bxf2+ 32. Bxf2 Rxc1+ 33. Bf1 d4 34. a7 Rc8 35. Ba6 Ra8 36. Rxf7+ Bxf7 37. Bb7 Rxa7 38. Bxe4 0-1

[Event "Montreal op"]
[Site "Montreal CAN"]
[Date "2000.??.??"]
[Round "2"]
[White "Charbonneau, Anne-Marie"]
[Black "Fortier, Marc-Andre"]
[Result "0-1"]
[WhiteElo "1848"]
[BlackElo "2143"]
[PlyCount "56"]
[GameId "2160767911652620"]
[EventDate "2000.09.01"]
[EventType "swiss"]
[EventRounds "5"]
[EventCountry "CAN"]
[SourceTitle "EXT 2003"]
[Source "ChessBase"]
[SourceDate "2002.11.25"]
[SourceVersion "1"]
[SourceVersionDate "2002.11.25"]
[SourceQuality "1"]

1. d4 f5 2. Nf3 Nf6 3. g3 e6 4. Bg2 Be7 5. O-O O-O 6. c4 d5 7. b3 Na6 8. Ba3 b6 9. Bxe7 Qxe7 10. Nbd2 Bb7 11. Ne5 c5 12. dxc5 Nxc5 13. Qc2 Rac8 14. Qb2 Rfd8 15. Rfd1 h5 16. Rac1 g5 17. Ndf3 Nce4 18. h4 gxh4 19. Nxh4 dxc4 20. Nxc4 Ng4 21. Bxe4 fxe4 22. e3 Qg5 23. Qe2 Rf8 24. Nd6 Rxc1 25. Rxc1 Rxf2 26. Qc4 Qxe3 27. Qxe6+ Rf7+ 28. Kg2 Qf2+ 0-1

[Event "Montreal op"]
[Site "Montreal CAN"]
[Date "2000.??.??"]
[Round "2"]
[White "Cloutier, Mario"]
[Black "Pnevmonidis, Pantelis"]
[Result "0-1"]
[WhiteElo "1876"]
[BlackElo "2144"]
[PlyCount "74"]
[GameId "2160767911652621"]
[EventDate "2000.09.01"]
[EventType "swiss"]
[EventRounds "5"]
[EventCountry "CAN"]
[SourceTitle "EXT 2003"]
[Source "ChessBase"]
[SourceDate "2002.11.25"]
[SourceVersion "1"]
[SourceVersionDate "2002.11.25"]
[SourceQuality "1"]

1. e4 c5 2. Nf3 d6 3. c3 Nf6 4. Be2 Nc6 5. d4 cxd4 6. cxd4 d5 7. e5 Ne4 8. Nc3 Bg4 9. O-O e6 10. Be3 Nxc3 11. bxc3 Be7 12. Rb1 Qc7 13. Qb3 Rb8 14. c4 dxc4 15. Qxc4 Bf5 16. Rb2 Be4 17. Nd2 Bd5 18. Qc3 O-O 19. Rfb1 Rfc8 20. Rc2 Qd7 21. Qb2 Nb4 22. Rxc8+ Rxc8 23. a3 Rc2 24. Qa1 Qc6 25. Rd1 Ra2 26. Qb1 Rxa3 27. Rc1 Rc3 28. Rxc3 Qxc3 29. h3 Nc2 30. Qc1 Nxd4 31. Qe1 Nxe2+ 32. Qxe2 Qxe5 33. Qb5 Qa1+ 34. Kh2 Bd6+ 35. f4 Bc6 36. Qg5 Qf6 37. Qa5 Bxf4+ 0-1

[Event "Montreal op"]
[Site "Montreal CAN"]
[Date "2000.??.??"]
[Round "2"]
[White "Fillion, Steve"]
[Black "Corriveau, Philippe"]
[Result "1-0"]
[WhiteElo "2143"]
[BlackElo "1802"]
[PlyCount "133"]
[GameId "2160767911652622"]
[EventDate "2000.09.01"]
[EventType "swiss"]
[EventRounds "5"]
[EventCountry "CAN"]
[SourceTitle "EXT 2003"]
[Source "ChessBase"]
[SourceDate "2002.11.25"]
[SourceVersion "1"]
[SourceVersionDate "2002.11.25"]
[SourceQuality "1"]

1. e4 e5 2. Nf3 Nc6 3. Nc3 g6 4. d4 exd4 5. Nxd4 Bg7 6. Nxc6 bxc6 7. Bc4 Ne7 8. O-O O-O 9. Bg5 d6 10. Qd3 Rb8 11. Rad1 Be6 12. Bb3 Qd7 13. f4 f6 14. Bh4 Kh8 15. Qa6 Ra8 16. Ba4 Rfb8 17. Nd5 Bxd5 18. exd5 Qg4 19. Bf2 Nxd5 20. Bxc6 Nb4 21. Qc4 Nxc6 22. Qxc6 Qc8 23. Bd4 Qb7 24. Qc3 Rf8 25. Rfe1 c5 26. Bf2 f5 27. Qc4 Rad8 28. b3 a6 29. Rd5 Rf7 30. Qd3 Rfd7 31. Bh4 Rf8 32. Rxd6 Bd4+ 33. Rxd4 cxd4 34. Re6 Kg7 35. Rxa6 Re8 36. Bf6+ Kg8 37. Be5 Qe4 38. Qc4+ Qd5 39. Qxd5+ Rxd5 40. Rc6 Rd7 41. b4 Ra8 42. Rc4 d3 43. cxd3 Rxd3 44. Rc2 Rda3 45. b5 R8a5 46. Rb2 Ra7 47. b6 Rb7 48. Bc7 Rc3 49. Rd2 Rcxc7 50. bxc7 Rxc7 51. Kf2 Ra7 52. Ke3 Ra4 53. g3 Kg7 54. Kd3 h6 55. Kc3 g5 56. Kb3 Re4 57. fxg5 hxg5 58. a4 Kg6 59. a5 Kh5 60. a6 Kg4 61. a7 Re8 62. Kc4 Kh3 63. Ra2 Rd8 64. a8=Q Rxa8 65. Rxa8 Kxh2 66. Ra3 Kg2 67. Kd4 1-0

[Event "Montreal op"]
[Site "Montreal CAN"]
[Date "2000.??.??"]
[Round "2"]
[White "Gilman, Arkadiy"]
[Black "Lezaic, Jovan"]
[Result "1-0"]
[WhiteElo "2197"]
[BlackElo "1925"]
[PlyCount "87"]
[GameId "2160767911652623"]
[EventDate "2000.09.01"]
[EventType "swiss"]
[EventRounds "5"]
[EventCountry "CAN"]
[SourceTitle "EXT 2003"]
[Source "ChessBase"]
[SourceDate "2002.11.25"]
[SourceVersion "1"]
[SourceVersionDate "2002.11.25"]
[SourceQuality "1"]

1. d4 f5 2. g3 g6 3. Bg2 Bg7 4. Nc3 Nf6 5. e4 fxe4 6. Nxe4 c6 7. Ne2 O-O 8. O-O Nxe4 9. Bxe4 d5 10. Bg2 e5 11. dxe5 Bxe5 12. Nd4 Qf6 13. c3 Na6 14. Bh6 Rf7 15. Qd2 Bd7 16. Rad1 Re8 17. Rfe1 Nc7 18. Nf3 Bd6 19. Rxe8+ Bxe8 20. Ng5 Rd7 21. Bh3 Rd8 22. Nxh7 Qh8 23. Qg5 Rb8 24. Nf6+ Kf7 25. Nxe8 Rxe8 26. Qd2 Qf6 27. Bg5 Qf3 28. Bg2 Qf5 29. Be3 b5 30. b3 a5 31. c4 Bb4 32. Qc1 bxc4 33. bxc4 Qe6 34. Bb6 Na8 35. cxd5 Qe2 36. Qf4+ Kg8 37. Bf3 Qxa2 38. Bd4 c5 39. Be3 Qc2 40. d6 Nb6 41. d7 Rd8 42. Qf6 Rxd7 43. Rxd7 Nxd7 44. Bd5+ 1-0

[Event "Montreal op"]
[Site "Montreal CAN"]
[Date "2000.??.??"]
[Round "2"]
[White "Ibrahim, Anthony"]
[Black "Mongeau, Diane"]
[Result "1-0"]
[WhiteElo "2166"]
[BlackElo "1961"]
[PlyCount "82"]
[GameId "2160767911652625"]
[EventDate "2000.09.01"]
[EventType "swiss"]
[EventRounds "5"]
[EventCountry "CAN"]
[SourceTitle "EXT 2003"]
[Source "ChessBase"]
[SourceDate "2002.11.25"]
[SourceVersion "1"]
[SourceVersionDate "2002.11.25"]
[SourceQuality "1"]

1. e4 c5 2. Nf3 g6 3. c3 Bg7 4. d4 cxd4 5. cxd4 d5 6. exd5 Nf6 7. Bb5+ Nbd7 8. Nc3 O-O 9. Bxd7 Qxd7 10. Qb3 Rd8 11. Ne5 Qd6 12. Nc4 Qa6 13. Ne3 Qd3 14. Nb5 Qxb3 15. axb3 a6 16. O-O Bd7 17. Nc3 e6 18. Bd2 exd5 19. Ncxd5 Nxd5 20. Nxd5 Bb5 21. Ne7+ Kh8 22. Rfe1 Bxd4 23. Bc3 Rd7 24. Rad1 Rad8 25. Rxd4 Rxd4 26. Rd1 Kg7 27. Rxd4 Rxd4 28. Bxd4+ Kf8 29. Nd5 h5 30. Bf6 Bc6 31. Nb6 Ke8 32. h4 Be4 33. b4 Bd3 34. f3 Kf8 35. Kf2 Kg8 36. Ke3 Bf1 37. g3 Kh7 38. Nc8 Bc4 39. f4 Be6 40. Nd6 b6 41. Bd8 b5 1-0